000
00238nam a22001217a 4500
040
_c
HS
082
_a
664
100
_a
BUNTONG BORARIN
245
_a
Food analysis
260
_a
RUA
_b
BUNTONG BORARIN
_c
2011
300
_a
102p.
942
_c
EK
999
_c
8647
_d
8647